Word Ladder: TV Show Location Quiz Stats

 Plays Quiz Updated Oct 14, 2014

Challenge
Share
Tweet
Embed
Score 0/31 Timer 03:00
3 Plays Today
Clue 4-Letter Word % Correct
An adhesiveGLUE
96.6%
'When You ___ Upon a Star'WISH
95.5%
Fox TV show about a show choirGLEE
94.9%
'From Russia ___ Love'WITH
94.5%
Bart's sisterLISA
93.1%
City with a leaning towerPISA
92.9%
A green citrus fruitLIME
91.6%
'Someday My Prince Will ___'COME
90.2%
Home for chickensCOOP
88.7%
Pocket breadPITA
87%
Move your wings up and downFLAP
86.4%
Sound made by a horse hoofCLOP
86.1%
Harry Potter's scar shapeBOLT
86%
A huge disaster on BroadwayFLOP
85.8%
City [First Rung] takes place inLIMA
85%
A free ticket to a showCOMP
82.1%
Clue 4-Letter Word % Correct
Spongy fibrous plant tissuePITH
81.8%
An oversupply or floodGLUT
80.8%
The capital of TogoLOMÉ
80.2%
A boxing matchBOUT
79.6%
Painful inflammation of the jointsGOUT
79.1%
Smart and learnédWISE
76.2%
A Spanish custardFLAN
72.3%
Chevy's electric hybrid carVOLT
71.5%
A small rodent found in meadowsVOLE
65.3%
State [First Rung] takes place inOHIO
63.2%
Obnoxious or contemptibleVILE
61.1%
A trick or guileWILE
58.9%
Hodgepodge or collectionOLIO
37.9%
Actor Ken or Actress LenaOLIN
37%
Character in 'The Good Earth'OLAN
36%

Today's Daily Dose

You're not logged in!

Compare scores with friends on all Sporcle quizzes.
Join for Free
OR
Log In

You Might Also Like...

Show Comments

Extras

Top Quizzes Today


Score Distribution

Your Account Isn't Verified!

In order to create a playlist on Sporcle, you need to verify the email address you used during registration. Go to your Sporcle Settings to finish the process.

Report this User

Report this user for behavior that violates our Community Guidelines.

Details: